La question des Sucres en 1901 / (Record no. 77055)
[ view plain ]
| 000 -LEADER | |
|---|---|
| campo de control de longitud fija | 00465nam a2200169 i 4500 |
| 001 - NÚMERO DE CONTROL | |
| campo de control | 77055 |
| 003 - IDENTIFICADOR DE NÚMERO DE CONTROL | |
| campo de control | ES-MaACL |
| 005 - FECHA Y HORA DE LA ÚLTIMA TRANSACCIÓN | |
| campo de control | 20251003063107.0 |
| 007 - CAMPO FIJO DE DESCRIPCIÓN FÍSICA--INFORMACIÓN GENERAL | |
| campo de control de longitud fija | t| |
| 008 - DATOS DE LONGITUD FIJA--INFORMACIÓN GENERAL | |
| campo de control de longitud fija | 041006s1901 fr ||||1| fre d |
| 100 1# - ENTRADA PRINCIPAL--NOMBRE DE PERSONA | |
| Nombre de persona | Guyot, Yves, |
| Fechas asociadas al nombre | 1843-1928 |
| 9 (RLIN) | 61276 |
| 245 13 - MENCIÓN DEL TÍTULO | |
| Título | La question des Sucres en 1901 / |
| Mención de responsabilidad, etc. | Yves Guyot. |
| 260 ## - PUBLICACIÓN, DISTRIBUCIÓN, ETC. | |
| Lugar de publicación, distribución, etc. | Paris : |
| Nombre del editor, distribuidor, etc. | Bureaux du Siécle, |
| Fecha de publicación, distribución, etc. | 1901 ( |
| Fabricante | Guillaumin) |
| 852 ## - LOCALIZACIÓN | |
| Ubicación | ES-MaACL |
| Número de control de estantería | T-986-F-7 |
| 942 ## - ELEMENTOS DE ENTRADA SECUNDARIOS (KOHA) | |
| Fuente del sistema de clasificación o colocación | Clasificación decimal universal |
| Estatus retirado | Estado de pérdida | Estado de daño | No para préstamo | Colección | Biblioteca de origen | Biblioteca actual | Ubicación en estantería | Fecha de adquisición | Fuente de adquisición | Total de préstamos | Signatura topográfica completa | Código de barras | Visto por última vez | Precio de reemplazo | Tipo de ítem Koha |
|---|---|---|---|---|---|---|---|---|---|---|---|---|---|---|---|
| Colección de folletos | Biblioteca del Ateneo de Madrid | Biblioteca del Ateneo de Madrid | Depósito folletos | 17/01/2008 | T-986-F-7 | 1080624 | 23/02/2023 | 23/02/2023 | Folleto |
